000 01421nam a2200361 c 4500
003 BLK
005 20241002180604.0
008 180409b bul|||||r ||||||| ||bul||
010 _aKNG00131708000
020 _a978-954-769-244-2
_bиздат.: Обсидиан
040 _aBLK
041 _aBUL
_cBUL
072 7 _2bullib
_aН83
_xЧужда художествена литература Н
080 _aАмериканска литература (на САЩ)
_b821.111(73)
_x-312.4
_z821.111(73)-312.4
100 1 _aМартини, Стив
_eпърви автор
_9262792
700 1 _aЛаптев, Веселин Иванов
_eпрев. от англ.
_9364314
139 _aМартини, Стив
_bМ 34
245 1 0 _aСкрита власт
_bРоман
_cСтив Мартини; прев. от англ. Веселин Иванов Лаптев.
257 _aUSA
260 София
_bОбсидиан
_c2010
_fСофия : ПК Д. Благоев
300 _a384 с.
_c20 см
380 _aX
500 _aОриг. загл. The Rrule of Nine / Steve Martini.
653 _aтрилъри
653 _aромани
659 _aН
852 _aЦб 255601
856 4 _qpdf
_u
856 4 _qpdf
_u
942 _cKNG
_n0
_020
944 _aCR
_c26.06.2012
_lГалина Якимова
_k30564
944 _aED
_c13.11.2015
_lф /
_kЛюдмила_Стоянова
999 _c126029
_d126029